| 000 | 00486nam a22001937a 4500 | ||
|---|---|---|---|
| 003 | MPLRDC | ||
| 005 | 20220104144328.0 | ||
| 008 | 210129b ||||| |||| 00| 0 eng d | ||
| 020 | _a7-80635-152-1 | ||
| 082 | _a719.383 NGU | ||
| 100 | _aJIM CHINH T. NGUYEN | ||
| 245 |
_a越南 _c彭玲娴译 |
||
| 250 | _a一版一刷 | ||
| 260 |
_a _b广东旅游出版社 _c2001 |
||
| 300 | _b平 | ||
| 490 | _a世界商务旅游丛书 | ||
| 650 | _a越南游记 | ||
| 942 |
_cBK _o719.383 NGU |
||
| 999 |
_c48562 _d48552 |
||